| 000 | 00519nam a2200169 a 4500 | ||
|---|---|---|---|
| 001 | 000019656 | ||
| 005 | 20200929170107.0 | ||
| 008 | 100702s2001 ru a r 000 0 spa d | ||
| 040 |
_aDO-SdBNP _bspa _cBNPHU |
||
| 082 |
_axxxx _bR717f |
||
| 100 | 1 |
_aRoerich, Helena _942103 |
|
| 245 | 1 | 3 |
_aLa familia Roerich : _bShambahala la resplandeciente / _cHelena Roerich ;. |
| 260 |
_aUrisvati : _bSociedd Oriental de los Roerich, _c2001. |
||
| 300 |
_a83 p. : _bil. ; _c20 cm. |
||
| 710 | 1 |
_aFamilia Roerich _942104 |
|
| 049 | _aBNGR | ||
| 999 |
_c19172 _d19172 |
||